02545nam a2200253 4500001000800000005001700008007000300025008004100028040000800069041000800077100004200085245006000127246005100187300002000238520090200258520080901160650002301969650005201992650003102044650004702075650001902122650003102141773011902172ESSALUD20260701142842.0ta t pe ||||| |||| 00| 0 spa d aBMG aspa aHuiman Jimenez, Vicky Marleny eAutor aLa protección constitucional de los derechos sociales aThe constitutional protection of social rights apáginas 79-87 aEl presente trabajo examina la protección constitucional de los derechos sociales en el Perú y su tratamiento comparado con los sistemas constitucionales de Chile, Colombia y México. La investigación inicia con la evolución del constitucionalismo social peruano desde la Constitución de 1920 hasta la de 1993, identificando los principales mecanismos de tutela judicial, entre ellos la acción de amparo y la acción de inconstitucionalidad por omisión, empleadas para corregir la inacción normativa del Estado. Se ha utilizado un método de investigación cualitativo y jurídico-comparativo, pues se contrastan los modelos de protección de derechos sociales en distintos países Iberoamericanos, destacando la tutela efectiva en Colombia mediante la acción de tutela, las limitaciones del recurso de protección en Chile y la amplitud del juicio de amparo en México. aTh is paper examines the constitutional protection of social rights in Peru and compares it with the constitutional systems of Chile, Colombia, and Mexico. The research begins with the evolution of Peruvian social constitutionalism from the 1920 Constitution to the 1993 Constitution, identifying the main mechanisms of judicial protection, including the amparo action and the action of unconstitutionality by omission, used to correct the State's normative inaction. A qualitative and legal comparative research method was used, contrasting the models of social rights protection in different Ibero-American countries, highlighting the effective protection in Colombia through the tutela action, the limitations of the protection remedy in Chile, and the broad scope of the amparo proceeding in Mexico.  aDERECHOS SOCIALES  aACCIÓN DE INCONSTITUCIONALIDAD POR OMISIÓN  aPRINCIPIO DE PROGRESIVIDAD aACTION OF UNCONSTITUTIONOLITY BY OMISSION  aSOCIAL RIGHTS  aPRINCIPIE OF PROGRESSIVITY0 022573dLima Grupo Praxis Formación Profesional, 2026-oPRA002tPraxis Civil & Procesal CivilwESSALUDx3119-7671